Top Relationships on AO3 for Star Wars - Statistics

General Stats
  • This quiz has been taken 27 times
  • The average score is 4 of 6
Answer Stats
Answer % Correct
Rey/Ben Solo | Kylo Ren
83%
Cody/Obi-Wan Kenobi
71%
Obi-Wan Kenobi/Anakin Skywalker
71%
Padmé Amidala/Anakin Skywalker
58%
Armitage Hux/Kylo Ren
50%
Poe Dameron/Finn
33%
No matching quizzes found
Score Distribution
Percent of People with Each Score
Percentile by Number Answered
Your Score History
You have not taken this quiz